| 000 | 005700000a22002050004500 | ||
|---|---|---|---|
| 090 |
_aAR _b00013 |
||
| 245 | 1 | 0 | _aDry forests of Puerto Rico's south coast |
| 650 | 1 | 4 |
_aBosques secos tropicales _992782 |
| 650 | 1 | 4 |
_aBiodiversidad _992204 |
| 650 | 1 | 4 |
_aEcología _992250 |
| 650 | 1 | 4 |
_aSuelos _9287 |
| 651 | 4 |
_pPuerto Rico _992749 |
|
| 041 | 0 | _aInglés | |
| 700 | 1 |
_aLugo, Ariel E. _992783 |
|
| 700 | 1 |
_aNepstad, Daniel C. _913139 |
|
| 700 | 1 |
_aMurphy, Alice J. _992784 |
|
| 100 | 1 |
_aMurphy, Peter G. _992785 |
|
| 942 | _cARTICULO | ||
| 773 | 1 |
_tPreprint _33 _q178-209 _d1991? |
|
| 999 |
_c9116 _d9116 |
||